| 000 | 00822nam a2200253 i 4500 | ||
|---|---|---|---|
| 001 | 000014398 | ||
| 003 | DO-SdBNP | ||
| 005 | 20240528153837.0 | ||
| 007 | ta | ||
| 008 | 091211s1994 dr a 000 0 spa d | ||
| 040 |
_aDO-SdBNP _bspa _cBNPHU _erda |
||
| 049 | _aBNPD | ||
| 082 | 4 |
_bO13c _222 |
|
| 245 | 0 | 0 |
_aObras Completas de Hector Colombino Perelló / _cprólogo y edición, Freddy Aguasvivas |
| 264 |
_aSanto Domingo : _bFundación Cultural Héctor Colombino Perelló, _c1994. |
||
| 300 |
_avolumen : _bilustraciones ; _c26 cm. |
||
| 336 |
_2rdacontent _atexto _btxt |
||
| 337 |
_2rdamedia _asin mediación _bn |
||
| 338 |
_2rdacarrier _avolumen _bnc |
||
| 500 | _aLa biblioteca posee el tomo 1 | ||
| 590 | _aInventariado, 2024/BT | ||
| 700 | 1 |
_aAguasVivas, Freddy, _eprólogo y edición _932508 |
|
| 942 |
_2ddc _cLBS1 |
||
| 999 |
_c13989 _d13989 |
||